Film Allgemeinwissen Quiz #10 - Statistiken

Allgemein
  • Dieses Quiz wurde 29 mal gespielt
    7 seit der letzten Aktualisierung
  • Das Durchschnittsergebnis liegt bei 8 aus 20
Antwortstatistiken
Frage Antwort % Korrekt
Wie viele "Star Wars"-Kinofilme gibt es bisher? 13
83%
Zitat: "Ich glaube, das ist der Beginn einer wunderbaren..."? Freundschaft
83%
Eine berühmte Komödie mit Bill Murray heißt "Und täglich grüßt das..." Murmeltier
83%
In welcher Filmreihe spielte Sir Patrick Stewart den Charakter Professor X? X-Men
67%
Aus welchem Film stammt der materialistische und misogyne Banker Patrick Bateman, der in der Nacht zum psychopathischen Killer wird? American Psycho
50%
An welchem Körperteil hat die Hauptfigur in Alfred Hitchcocks "Das Fenster zum Hof" eine Verletzung? Bein
50%
Was ist Edwards Nachname in "Twilight"? Cullen
50%
In welchem Film spielt Jeff Bridges den "Dude", einen Bowling spielenden Alt-Hippie? The Big Lebowski
50%
In welchem Film spielt Leonardo DiCaprio den Börsenmakler und Betrüger Jordan Belfort? The Wolf of Wall Street
50%
Welcher "Star Wars"-Darsteller spielte den Detektiv Rick Deckard in den beiden "Blade Runner"-Filmen? Harrison Ford
33%
Nennen Sie einen der beiden Schauspieler von Paul Atreides in einer "Dune"-Kinoverfilmung Kyle MacLachlan / Timothée Chalamet
33%
Welches Hollywood-Studio hat als Markenzeichen einen brüllenden Löwen? MGM
33%
Wie heißt Don Vito Corleones jüngster Sohn und Nachfolger in "Der Pate" mit Vornamen? Michael
33%
Die Filme welcher Actionreihe tragen Titel wie Rogue Nation, Fallout und Dead Reckoning? Mission: Impossible
33%
Rocky Balboas Gegner in "Rocky" ist Apollo Creed. Wie heißt sein Gegner in "Rocky II"? Apollo Creed
17%
Von welchem britischen Autor stammen die Romanvorlagen zu den Filmen "Der grüne Bogenschütze", "Der schwarze Abt" und "Der rote Kreis"? Edgar Wallace
17%
Welcher vor allem für Gangsterfilme bekannte Regisseur drehte in den 90ern mit "Kundun" einen Film über den Dalai Lama? Martin Scorsese
17%
In welchem Film fliegt Geheimagent James Bond ins Weltall? Moonraker
17%
Welcher Superheld heißt mit bürgerlichem Namen Arthur Curry? Aquaman
0%
Wie lautet der zweite Vorname von Marty McFly aus "Zurück in die Zukunft"? (Tipp: sein Vorfahre aus dem Wilden Westen trug den selben Namen) Seamus
0%
Keine übereinstimmenden Quizze gefunden
Verteilung der Resultate
Anzahl Personen mit jedem Resultat
Perzentil nach korrekt beantworteten Fragen
Ihre Resultats-Entwicklung
Sie haben dieses Quiz seit der letzten Aktualisierung nicht gespielt